The story of modern art / (Record no. 5803)

MARC details
000 -LEADER
fixed length control field 01124pam a22003491i 4500
001 - CONTROL NUMBER
control field 409196
003 - CONTROL NUMBER IDENTIFIER
control field OSt
005 - DATE AND TIME OF LATEST TRANSACTION
control field 20260428170044.0
008 - FIXED-LENGTH DATA ELEMENTS--GENERAL INFORMATION
fixed length control field 800222s1980 nyu b 001 0 eng
010 ## - LIBRARY OF CONGRESS CONTROL NUMBER
LC control number 80012038
020 ## - INTERNATIONAL STANDARD BOOK NUMBER
International Standard Book Number 0810916355 :
Terms of availability $25.00
020 ## - INTERNATIONAL STANDARD BOOK NUMBER
International Standard Book Number 9780810916357
035 ## - SYSTEM CONTROL NUMBER
System control number 409196
040 ## - CATALOGING SOURCE
Original cataloging agency DLC
Transcribing agency Foundation University
050 10 - LIBRARY OF CONGRESS CALL NUMBER
Classification number N6490
Item number .L93
082 00 - DEWEY DECIMAL CLASSIFICATION NUMBER
Classification number 709/.04
100 1# - MAIN ENTRY--PERSONAL NAME
Personal name Lynton, Norbert.
9 (RLIN) 15669
245 14 - TITLE STATEMENT
Title The story of modern art /
Statement of responsibility, etc. by Norbert Lynton.
260 ## - PUBLICATION, DISTRIBUTION, ETC.
Place of publication, distribution, etc. New York :
Name of publisher, distributor, etc. H. N. Abrams,
Date of publication, distribution, etc. 1980.
264 ## - PRODUCTION, PUBLICATION, DISTRIBUTION, MANUFACTURE, AND COPYRIGHT NOTICE
Copyright Date 1980
300 ## - PHYSICAL DESCRIPTION
Extent 400 pages;
Materials specified Books
Other physical details Some col. ill.,
Dimensions 24 cm.
Type of unit Books
336 ## - CONTENT TYPE
Content type term text
Content type code txt
Source rdacontent
337 ## - MEDIA TYPE
Media type term unmediated
Media type code n
Source rdamedia
338 ## - CARRIER TYPE
Carrier type term volume
Carrier type code nc
Source rdacarrier
Materials specified Books
500 ## - GENERAL NOTE
General note Cataloging based on CIP information
500 ## - GENERAL NOTE
General note Includes index.
504 ## - BIBLIOGRAPHY, ETC. NOTE
Bibliography, etc. note Bibliography: p.
650 #0 - SUBJECT ADDED ENTRY--TOPICAL TERM
Topical term or geographic name entry element Art, Modern
Chronological subdivision 20th century
General subdivision History.
9 (RLIN) 15580
906 ## - LOCAL DATA ELEMENT F, LDF (RLIN)
a 7
b cbc
c orignew
d 1
e ocip
f 19
g y-gencatlg
942 ## - ADDED ENTRY ELEMENTS (KOHA)
Source of classification or shelving scheme Library of Congress Classification
Koha item type Books
Classification part N 6350
Item part .1989 L96
Call number prefix (DAFA-FA)
Holdings
Withdrawn status Lost status Source of classification or shelving scheme Damaged status Not for loan Collection code Home library Current library Shelving location Date acquired Source of acquisition Total Checkouts Full call number Barcode Date last seen Price effective from Koha item type Accession Number
    Library of Congress Classification     Non-fiction Foundation University Library Foundation University Library DoArchitecture & Fine Arts 04/27/2026 Donation   (DAFA-FA) N 6350 .1989 L96 0192026003279 04/27/2026 04/27/2026 Books DAFA-2026279